Emmy-Winning Reality-Competition Shows Quiz Stats

 Plays Quiz Retired Jul 7, 2021

Support Sporcle.
Go Orange.
Score 0/18 Timer 03:00
0 Plays Today
Year Show % Correct
2003The Amazing Race
92.6%
2004The Amazing Race
92.6%
2005The Amazing Race
92.5%
2006The Amazing Race
92.5%
2007The Amazing Race
92.5%
2008The Amazing Race
92.5%
2009The Amazing Race
92.5%
2011The Amazing Race
92.1%
2012The Amazing Race
92.1%
Year Show % Correct
2014The Amazing Race
89.5%
2017The Voice
67.3%
2016The Voice
66.2%
2015The Voice
64.5%
2013The Voice
62.7%
2020RuPaul's Drag Race
44.7%
2010Top Chef
42.7%
2019RuPaul's Drag Race
38.7%
2018RuPaul's Drag Race
35.6%

From the Vault

House, Park, Road or Street Songs

by JoeBeta

Music 4m
When in doubt, take the high road.
Remove Ads.
Support Sporcle.
Get the best of Sporcle when you Go Orange. This ad-free experience offers more features, more stats, and more fun while also helping to support Sporcle. Thank you for becoming a member.

Show Comments

Extras

Top Quizzes Today


Score Distribution

Your Account Isn't Verified!

In order to create a playlist on Sporcle, you need to verify the email address you used during registration. Go to your Sporcle Settings to finish the process.

Report this User

Report this user for behavior that violates our Community Guidelines.

Details: